[Event "2. Samba Cup"]
[Site "?"]
[Date "2005.10.21"]
[Round "7"]
[White "Ivanchuk Vassily"]
[Black "Hansen Curt"]
[Result "1/2-1/2"]
[WhiteElo "2748"]
[BlackElo "2607"]
[PlyCount "50"]
[EventDate "2005.??.??"]
[Source "www.chesslib.no"]
[SourceDate "2004.05.04"]

1. d4 Nf6 2. c4 e6 3. Nc3 Bb4 4. Qc2 Nc6 5. Nf3 d6 6. Bd2 O-O 7. a3 Bxc3 8. Bxc3 Qe7 9. b4 e5 10. d5 Nd8 11. e3 Ne8 12. Bd3 f5 13. Nd2 Nf7 14. O-O Nf6 15. Be2 e4 16. Rfd1 Bd7 17. Bb2 Rae8 18. Nf1 Ne5 19. c5 Qf7 20. Rd2 Nxd5 21. cxd6 cxd6 22. Bxe5 Rxe5 23. Bc4 Be6 24. Bxd5 Rxd5 25. Rc1 h6 1/2-1/2

[Event "Ch (Men) Osterburg GER"]
[Site "?"]
[Date "2006.02.10"]
[Round "8"]
[White "Khenkin Igor"]
[Black "Jussupow Artur"]
[Result "1/2-1/2"]
[WhiteElo "2595"]
[BlackElo "2605"]
[PlyCount "29"]
[EventDate "2006.??.??"]
[Source "www.chesslib.no"]
[SourceDate "2004.05.04"]

1. d4 Nf6 2. c4 e6 3. Nc3 Bb4 4. Qc2 Nc6 5. Nf3 d6 6. Bd2 O-O 7. a3 Bxc3 8. Bxc3 Qe7 9. b4 e5 10. d5 Nb8 11. e4 Nh5 12. Nd2 f5 13. Be2 Nf4 14. Bf3 Qg5 15. O-O-O 1/2-1/2

[Event "Rishon Le Ziyyon"]
[Site "Rishon Le Ziyyon"]
[Date "1996.??.??"]
[Round "8"]
[White "Alterman, Boris"]
[Black "Kosashvili, Yona"]
[Result "1-0"]
[WhiteElo "2585"]
[BlackElo "2580"]
[PlyCount "91"]
[EventDate "1996.02.??"]
[Source "ChessBase"]

1. d4 Nf6 2. c4 e6 3. Nc3 Bb4 4. Qc2 Nc6 5. Nf3 d6 6. Bd2 O-O 7. a3 Bxc3 8. Bxc3 Re8 9. Rd1 Qe7 10. e3 a5 11. Be2 e5 12. d5 Nb8 13. h3 a4 14. c5 Bd7 15. O-O Na6 16. cxd6 cxd6 17. e4 b5 18. Nd2 Reb8 19. Bb4 Nxb4 20. axb4 Rc8 21. Qd3 Rc7 22. Rc1 Rac8 23. Rxc7 Rxc7 24. Qb1 Ne8 25. Nf3 f5 26. exf5 h6 27. Rd1 Nf6 28. Nh4 Qf7 29. Ng6 Bc8 30. Bxb5 Bb7 31. Bc6 Bxc6 32. dxc6 Rxc6 33. b5 Rb6 34. Qc2 Kh7 35. Qxa4 Nd7 36. Qc2 h5 37. g4 Nf8 38. gxh5 Kh6 39. Qd2+ Kh7 40. Qc2 Kh6 41. Nxf8 Qxf8 42. Qc7 Rxb5 43. Rxd6+ Kxh5 44. Qc4 Qxd6 45. Qg4+ Kh6 46. Qh4# 1-0

[Event "SPICE Cup"]
[Site "Lubbock USA"]
[Date "2007.11.11"]
[Round "4"]
[White "Miton, K."]
[Black "Perelshteyn, E."]
[Result "0-1"]
[WhiteElo "2628"]
[BlackElo "2536"]
[PlyCount "86"]
[EventDate "2007.11.09"]
[Source "www.chesslib.no"]
[SourceDate "2004.05.04"]

1. d4 Nf6 2. c4 e6 3. Nc3 Bb4 4. Qc2 Nc6 5. Nf3 d6 6. a3 Bxc3+ 7. Qxc3 a5 8. b3 O-O 9. Bb2 Re8 10. Rd1 Qe7 11. e3 e5 12. Be2 Bg4 13. d5 Nb8 14. Qc2 Nbd7 15. h3 Bh5 16. Nh4 Bxe2 17. Nf5 Qf8 18. Qxe2 g6 19. Ng3 h5 20. Qc2 h4 21. Ne2 Nh5 22. O-O f5 23. f4 Nc5 24. b4 axb4 25. axb4 Ne4 26. Nc1 Neg3 27. Rf2 exf4 28. exf4 Re4 29. Nd3 Rae8 30. Kh2 Re2 31. Rxe2 Rxe2 32. Qc3 Kf7 33. Ra1 Qe8 34. Ne1 Nf1+ 35. Kg1 Qe3+ 36. Qxe3 Nxe3 37. Bd4 Nxf4 38. Bxe3 Rxe3 39. Nf3 Rc3 40. c5 dxc5 41. bxc5 Rxc5 42. Rb1 b5 43. Ne5+ Kg7 0-1

[Event "6. EICC Qualification"]
[Site "?"]
[Date "2005.07.02"]
[Round "1"]
[White "Bocharov Dmitry"]
[Black "Azarov Sergei"]
[Result "0-1"]
[WhiteElo "2574"]
[BlackElo "2572"]
[PlyCount "130"]
[EventDate "2005.??.??"]
[Source "www.chesslib.no"]
[SourceDate "2004.05.04"]

1. d4 Nf6 2. c4 e6 3. Nc3 Bb4 4. Qc2 Nc6 5. Nf3 d6 6. Bg5 h6 7. Bd2 O-O 8. a3 Bxc3 9. Bxc3 Qe7 10. e3 e5 11. dxe5 Nxe5 12. Nxe5 dxe5 13. Be2 a5 14. b3 Bg4 15. Bxg4 Nxg4 16. O-O Nf6 17. Rfd1 Qe6 18. a4 b6 19. Rd2 Rad8 20. Rad1 Rxd2 21. Rxd2 Re8 22. h3 Qc6 23. Bb2 Qe6 24. Qd1 Qe7 25. Rd3 Kh7 26. Bc3 Qa3 27. Qc2 Kg8 28. Bb2 Qb4 29. Qc1 Qe7 30. Ba3 Qe6 31. Qd1 Qf5 32. Rd2 Ne4 33. Qc2 Qg6 34. Rd5 Nf6 35. Qxg6 fxg6 36. Rd1 Kf7 37. c5 bxc5 38. Bxc5 Rb8 39. Rd3 Ke6 40. Ba3 Nd5 41. e4 Nf4 42. Re3 Rd8 43. g3 Rd1+ 44. Kh2 Nd3 45. f3 c5 46. Kg2 Ne1+ 47. Kf2 Nc2 48. Rc3 Rd2+ 49. Kf1 Nxa3 50. Rxc5 Rd3 51. Ke2 Rxb3 52. Rxa5 Nc2 53. Ra6+ Kf7 54. Ra7+ Kf6 55. Ra6+ Kg5 56. h4+ Kh5 57. Kf2 Nd4 58. Kg2 Rxf3 59. a5 g5 60. hxg5 hxg5 61. Kh3 Ne2 62. Kg2 Kg4 63. Re6 Rxg3+ 64. Kf2 Nf4 65. Rxe5 Nd3+ 0-1

[Event "Jakarta"]
[Site "?"]
[Date "1996.??.??"]
[Round "?"]
[White "Gurevich, M."]
[Black "Torre, E."]
[Result "0-1"]
[WhiteElo "2605"]
[BlackElo "2535"]
[PlyCount "76"]
[EventDate "1996.??.??"]
[Source "ChessBase"]
[SourceDate "1996.10.01"]

1. d4 Nf6 2. c4 e6 3. Nc3 Bb4 4. Qc2 Nc6 5. Nf3 d6 6. Bg5 h6 7. Bd2 O-O 8. a3 Bxc3 9. Bxc3 Qe7 10. g3 e5 11. d5 e4 12. Nd2 e3 13. fxe3 Ne5 14. e4 Bg4 15. Bg2 c6 16. Nf3 Nfd7 17. O-O Rfe8 18. h3 Bh5 19. Nd4 Bg6 20. dxc6 Nxc6 21. Nf5 Bxf5 22. exf5 Qe3+ 23. Kh2 Qxe2 24. Qxe2 Rxe2 25. Rae1 Rae8 26. Rxe2 Rxe2 27. Kg1 Nb6 28. Rd1 Na4 29. Rxd6 Nxc3 30. bxc3 Re3 31. Kf2 Rxc3 32. Bd5 Ne7 33. Rd8+ Kh7 34. Bxf7 Nxf5 35. g4 Ne3 36. Rd6 g5 37. Rd7 Kg7 38. Rxb7 Kf6 0-1

[Event "Open"]
[Site "New York open"]
[Date "1989.??.??"]
[Round "6"]
[White "Gurevich, Mikhail N"]
[Black "Benjamin, Joel L"]
[Result "1-0"]
[WhiteElo "2590"]
[BlackElo "2545"]
[PlyCount "75"]
[EventDate "1989.??.??"]
[Source "www.chesslib.no"]
[SourceDate "2004.05.04"]

1. d4 Nf6 2. c4 e6 3. Nc3 Bb4 4. Qc2 Nc6 5. Nf3 d6 6. Bg5 h6 7. Bd2 e5 8. a3 Bxc3 9. Bxc3 Qe7 10. d5 Nb8 11. e4 O-O 12. O-O-O Nh7 13. h3 Bxh3 14. Rg1 Bc8 15. Nxe5 c5 16. f3 Nd7 17. Rd4 Nxe5 18. Rh1 Qe8 19. Qb3 Ng5 20. Rd2 f6 21. Be2 Qd8 22. Kb1 Bf5 23. Ba5 Ng6 24. Qc3 Qc7 25. Bd1 Bd7 26. Be2 Qc8 27. e5 Bb5 28. Bc7 Qe6 29. Bb8 Ba6 30. b4 Bxc4 31. Rb2 b6 32. exf6 a5 33. bxc5 Bb3 34. Kc1 Ba4 35. Rb3 Bb5 36. Rb2 Bxe2 37. Bxd6 Ra6 38. Rb4 1-0

[Event "Dresden zt"]
[Site "Dresden"]
[Date "1998.??.??"]
[Round "10"]
[White "Pelletier, Yannick"]
[Black "Alterman, Boris"]
[Result "0-1"]
[WhiteElo "2515"]
[BlackElo "2615"]
[PlyCount "77"]
[EventDate "1998.04.28"]
[Source "ChessBase"]
[SourceDate "1998.08.06"]

1. d4 Nf6 2. c4 e6 3. Nc3 Bb4 4. Qc2 Nc6 5. Nf3 d6 6. a3 Bxc3+ 7. Qxc3 Qe7 8. g3 O-O 9. Bg2 e5 10. d5 Nb8 11. b3 c6 12. dxc6 Nxc6 13. a4 Ne4 14. Qc2 Nc5 15. Bb2 e4 16. Nd4 Nd3+ 17. Kf1 Nxb2 18. Qxb2 Rd8 19. f4 d5 20. cxd5 Nb4 21. Qa3 Rxd5 22. Nc2 a5 23. Ne3 Rc5 24. Qb2 Be6 25. Kf2 f5 26. Rac1 Rac8 27. Rhd1 Rxc1 28. Rxc1 Rxc1 29. Qxc1 Qd6 30. Qc3 Nc6 31. Bh3 Qd4 32. Qxd4 Nxd4 33. g4 Bxb3 34. gxf5 b5 35. axb5 Nxb5 36. Ke1 a4 37. Kd2 a3 38. Nc2 e3+ 39. Kc1 0-1

[Event "SWE-chT 0102"]
[Site "?"]
[Date "2002.03.02"]
[Round "8"]
[White "Ivanov Sergey"]
[Black "Bjork Carl Magnus"]
[Result "1-0"]
[WhiteElo "2632"]
[BlackElo "2485"]
[PlyCount "101"]
[EventDate "2002.??.??"]
[Source "www.chesslib.no"]
[SourceDate "2004.05.04"]

1. d4 Nf6 2. c4 e6 3. Nc3 Bb4 4. Qc2 Nc6 5. Nf3 d6 6. Bg5 h6 7. Bd2 O-O 8. a3 Bxc3 9. Bxc3 Qe7 10. e3 e5 11. d5 Nb8 12. h3 a5 13. b3 c6 14. dxc6 Nxc6 15. Be2 d5 16. O-O Be6 17. Nxe5 Nxe5 18. Bxe5 Rfc8 19. Bxf6 Qxf6 20. Rac1 a4 21. c5 axb3 22. Qxb3 d4 23. Qxb7 dxe3 24. Qf3 Qxf3 25. Bxf3 Rxa3 26. c6 exf2+ 27. Rxf2 Kf8 28. Rb2 Ra7 29. Kf2 Ke7 30. Rb7+ Rc7 31. Ke3 Ra3+ 32. Kd4 Kd6 33. Rd1 Ra7 34. h4 g5 35. h5 g4 36. Ke3+ Ke7 37. Be4 f5 38. Bd5 Bxd5 39. Rxa7 Rxa7 40. Rxd5 Rc7 41. Rc5 Kd6 42. Rc2 Ke5 43. g3 Kd5 44. Kf4 Ke6 45. Rc5 Kd6 46. Rxf5 Kxc6 47. Rf6+ Kd5 48. Rxh6 Rg7 49. Rg6 Rh7 50. Kxg4 Ke5 51. Kg5 1-0

[Event "NED"]
[Site "NED"]
[Date "1981.??.??"]
[Round "?"]
[White "Ree, Hans"]
[Black "Timman, Jan Hein"]
[Result "1/2-1/2"]
[WhiteElo "2485"]
[BlackElo "2620"]
[PlyCount "97"]
[EventDate "1981.??.??"]
[Source "www.chesslib.no"]
[SourceDate "2004.05.04"]

1. d4 Nf6 2. c4 e6 3. Nc3 Bb4 4. Qc2 Nc6 5. Nf3 d6 6. Bd2 O-O 7. a3 Bxc3 8. Bxc3 Qe7 9. b4 e5 10. dxe5 Nxe5 11. e3 Re8 12. Nxe5 dxe5 13. Be2 Bg4 14. f3 Be6 15. O-O Nd7 16. Bd3 h6 17. f4 f6 18. fxe5 fxe5 19. Qe2 Qg5 20. Qf3 Rad8 21. Be2 c6 22. Rad1 Nf6 23. h3 Rxd1 24. Rxd1 Bf5 25. Be1 Be4 26. Qg3 Qxg3 27. Bxg3 Bc2 28. Rc1 Bb3 29. b5 Ba4 30. Rb1 Kf7 31. Rb4 cxb5 32. cxb5 Bc2 33. Rc4 Be4 34. Rc7+ Kg6 35. Bf3 a6 36. a4 axb5 37. axb5 Re6 38. Kh2 b6 39. Bh4 Bxf3 40. gxf3 Nd5 41. Rc6 Rxc6 42. bxc6 Kf7 43. e4 Ne7 44. c7 Nc8 45. Kg2 Ke6 46. Kf2 Kd6 47. Bg3 g6 48. Ke3 b5 49. Kd3 1/2-1/2

[Event "Budapest FS09 GM"]
[Site "Budapest"]
[Date "1994.??.??"]
[Round "4"]
[White "Dao Thien Hai"]
[Black "Loginov, Valery A"]
[Result "1-0"]
[WhiteElo "2475"]
[BlackElo "2610"]
[PlyCount "95"]
[EventDate "1994.09.??"]
[Source "ChessBase"]

1. d4 Nf6 2. c4 e6 3. Nc3 Bb4 4. Qc2 Nc6 5. Nf3 d6 6. Bg5 h6 7. Bd2 O-O 8. a3 Bxc3 9. Bxc3 Qe7 10. e3 e5 11. d5 Nb8 12. Nd2 c6 13. e4 Nbd7 14. Be2 Rb8 15. a4 Nb6 16. O-O cxd5 17. cxd5 Bg4 18. f3 Bd7 19. a5 Na8 20. f4 exf4 21. Rae1 Ne8 22. Rxf4 Nac7 23. Nf1 b6 24. axb6 Rxb6 25. Ng3 Nb5 26. Bxb5 Rxb5 27. Qf2 Qd8 28. Rf1 f6 29. Nh5 Rb7 30. Qg3 Bb5 31. R1f2 Kh7 32. h3 Qe7 33. Rg4 Rf7 34. Qf3 Bd7 35. Rg3 Qf8 36. Nf4 Nc7 37. Qh5 Nb5 38. Ne6 Bxe6 39. dxe6 Rfe7 40. e5 Nxc3 41. exd6 Nb5 42. dxe7 Qxe7 43. Qf5+ Kh8 44. Rd2 Nd6 45. Qc5 Ne4 46. Qxe7 Rxe7 47. Rd8+ Kh7 48. Rd7 1-0

[Event "BL2-W9798"]
[Site "Germany"]
[Date "1998.??.??"]
[Round "?"]
[White "Gurevich, Mikhail"]
[Black "Hall, Jesper"]
[Result "1/2-1/2"]
[WhiteElo "2620"]
[BlackElo "2460"]
[PlyCount "142"]
[EventDate "1997.10.??"]
[Source "www.chesslib.no"]
[SourceDate "2004.05.04"]

1. d4 Nf6 2. c4 e6 3. Nc3 Bb4 4. Qc2 Nc6 5. Nf3 d6 6. Bd2 Qe7 7. a3 Bxc3 8. Bxc3 O-O 9. g3 e5 10. d5 Nb8 11. Bg2 a5 12. b3 Nbd7 13. O-O Ne8 14. e4 c6 15. Nd2 Nc7 16. f4 Re8 17. Rac1 f6 18. Nf3 Nc5 19. b4 axb4 20. axb4 Na4 21. Bd2 c5 22. fxe5 dxe5 23. Ra1 Bd7 24. Rfb1 Rec8 25. Ne1 b5 26. Be3 Na6 27. bxc5 N6xc5 28. cxb5 Qe8 29. Qf2 Rab8 30. b6 Qe7 31. Rb4 Qd6 32. Rc1 Na6 33. Rxc8+ Rxc8 34. Rb1 N6c5 35. Rc1 Qxb6 36. Nd3 Nxd3 37. Rxc8+ Bxc8 38. Bxb6 Nxf2 39. Bxf2 Ba6 40. Ba7 Nc3 41. Kf2 Kf7 42. Bc5 g6 43. Bb4 Nd1+ 44. Kf3 Bc8 45. Bf1 Bd7 46. Be2 Nb2 47. Ba6 h5 48. Ke3 Na4 49. Kd2 Nb6 50. Bc5 Bc8 51. Be2 Nd7 52. Bd6 f5 53. exf5 Bb7 54. Bb5 Nf6 55. Bxe5 Bxd5 56. fxg6+ Kxg6 57. Bd3+ Kf7 58. h3 Be6 59. h4 Ng4 60. Bd4 Bd5 61. Kc3 Be6 62. Kb4 Ba2 63. Kc5 Bb3 64. Bb1 Be6 65. Be4 Bb3 66. Bf3 Ba2 67. Bd1 Be6 68. Bc3 Ba2 69. Kd4 Be6 70. Bc2 Nf6 71. Ke5 Bg4 1/2-1/2

[Event "ch-RUS Boys u20"]
[Site "St Petersburg RUS"]
[Date "2008.03.09"]
[Round "2"]
[White "Nechepurenko, R."]
[Black "Andreikin, D."]
[Result "1/2-1/2"]
[WhiteElo "2495"]
[BlackElo "2573"]
[PlyCount "132"]
[EventDate "2008.03.08"]
[Source "www.chesslib.no"]
[SourceDate "2004.05.04"]

1. d4 Nf6 2. c4 e6 3. Nc3 Bb4 4. Qc2 Nc6 5. Nf3 d6 6. a3 Bxc3+ 7. Qxc3 a5 8. b3 Qe7 9. Bb2 O-O 10. g3 Re8 11. Bg2 e5 12. d5 Nb8 13. O-O c6 14. Nd2 cxd5 15. cxd5 Bg4 16. e4 Rc8 17. Qe3 a4 18. b4 Rc2 19. Bc3 Be2 20. Qxe2 Rxc3 21. Rac1 Qc7 22. Rxc3 Qxc3 23. Qc4 Qxc4 24. Nxc4 Ne8 25. Nb6 Ra6 26. Rc1 Rxb6 27. Rc8 Kf8 28. Rxb8 Ke7 29. Bf1 f5 30. f3 Nf6 31. Bd3 g5 32. Kf2 g4 33. exf5 gxf3 34. Kxf3 Nxd5 35. Be4 Nc3 36. Rxb7+ Rxb7 37. Bxb7 Nb5 38. g4 Kf6 39. h4 h6 40. Ke4 Nxa3 41. Kd3 Nb5 42. Kc2 h5 43. g5+ Kxf5 44. Bc8+ Kg6 45. Bd7 Nd4+ 46. Kc3 a3 47. b5 e4 48. b6 e3 49. Be8+ Kf5 50. Bxh5 e2 51. Bxe2 Nxe2+ 52. Kb3 Nd4+ 53. Kxa3 Nc6 54. b7 d5 55. Kb2 d4 56. Kc2 Kg6 57. Kd2 Kf5 58. Kd3 Kg6 59. Ke4 Kh5 60. Kf3 Nb8 61. Kf4 d3 62. Ke3 Nd7 63. g6 Kxg6 64. h5+ Kxh5 65. Kxd3 Nc5+ 66. Kc4 Nxb7 1/2-1/2

[Event "26th Speed Chess Open, Aubervilliers FR"]
[Site "?"]
[Date "2001.??.??"]
[Round "?"]
[White "Agrest, E."]
[Black "Gofshtein, L."]
[Result "1/2-1/2"]
[WhiteElo "2530"]
[BlackElo "2530"]
[PlyCount "41"]
[EventDate "2001.??.??"]
[Source "www.chesslib.no"]
[SourceDate "2004.05.04"]

1. d4 Nf6 2. c4 e6 3. Nc3 Bb4 4. Qc2 Nc6 5. Nf3 d6 6. a3 Bxc3+ 7. Qxc3 O-O 8. b3 Re8 9. Bb2 e5 10. dxe5 dxe5 11. e3 Bf5 12. Rd1 Qe7 13. Be2 a5 14. O-O Ne4 15. Qc1 Nc5 16. Qc3 f6 17. Ba1 Ne4 18. Qb2 Nc5 19. Qc3 Ne4 20. Qb2 Nc5 21. Qc3 1/2-1/2

[Event "22nd Open"]
[Site "Andorra la Vella"]
[Date "2004.07.06"]
[Round "4"]
[White "Kuzmin, Alexey"]
[Black "Narciso Dublan, Marc"]
[Result "1/2-1/2"]
[WhiteElo "2567"]
[BlackElo "2484"]
[PlyCount "90"]
[EventDate "2004.07.03"]
[Source "Roberto Alvarez"]
[SourceDate "2004.07.12"]

1. d4 Nf6 2. c4 e6 3. Nc3 Bb4 4. Qc2 Nc6 5. Nf3 d6 6. Bd2 O-O 7. a3 Bxc3 8. Bxc3 Qe7 9. e3 e5 10. d5 Nb8 11. Nd2 c6 12. e4 Na6 13. Be2 Bd7 14. O-O cxd5 15. cxd5 Nc5 16. b4 Na4 17. Qb3 Nxc3 18. Qxc3 Rfc8 19. Qe3 Qd8 20. Rfc1 h6 21. Nc4 Bb5 22. Na5 Bxe2 23. Qxe2 Qd7 24. h3 Rc7 25. Rxc7 Qxc7 26. Qe3 Rc8 27. Kh2 Qb6 28. Re1 Kf8 29. Qd2 Rc7 30. f3 Nh5 31. Rc1 Rxc1 32. Qxc1 g5 33. Qg1 Qa6 34. Qe3 Nf4 35. g3 Ne2 36. h4 Nd4 37. Kg2 f6 38. hxg5 hxg5 39. Kh3 b6 40. Nc6 Qc8+ 41. g4 Nxc6 42. dxc6 Qxc6 43. Qb3 Qc1 44. Qe6 Qf1+ 45. Kg3 Qg1+ 1/2-1/2

[Event "Monarch Assurance"]
[Site "Isle of Man"]
[Date "2007.09.27"]
[Round "6.11"]
[White "Gurevich, Mikhail"]
[Black "Palliser, Richard"]
[Result "1-0"]
[WhiteElo "2633"]
[BlackElo "2417"]
[PlyCount "81"]
[EventDate "2007.09.22"]
[Source "www.chesslib.no"]
[SourceDate "2004.05.04"]

1. d4 Nf6 2. c4 e6 3. Nc3 Bb4 4. Qc2 Nc6 5. Nf3 d6 6. Bg5 h6 7. Bd2 O-O 8. a3 Bxc3 9. Bxc3 Qe7 10. h3 e5 11. d5 Nb8 12. g4 Nh7 13. e4 Re8 14. Rg1 Nd7 15. h4 Ndf8 16. h5 Ng5 17. Nxg5 hxg5 18. Be2 a5 19. b4 axb4 20. axb4 Rxa1+ 21. Bxa1 Bd7 22. Kf1 Ra8 23. Kg2 Qe8 24. Bc3 Ra3 25. Rb1 Qc8 26. Kg3 c6 27. Qb2 Qa8 28. Ra1 Rxa1 29. Qxa1 Qxa1 30. Bxa1 cxd5 31. exd5 Ba4 32. Bb2 Nd7 33. Bc1 f6 34. f3 Kf7 35. Be3 Bb3 36. Kf2 b5 37. c5 Bxd5 38. Bxb5 Nb8 39. cxd6 Ke6 40. Bc5 Nc6 41. Ke3 1-0

[Event "Voronezh RUS"]
[Site "?"]
[Date "2006.06.20"]
[Round "8"]
[White "Rychagov Andrey"]
[Black "Kabanov Nikolai"]
[Result "1-0"]
[WhiteElo "2542"]
[BlackElo "2504"]
[PlyCount "61"]
[EventDate "2006.??.??"]
[Source "www.chesslib.no"]
[SourceDate "2004.05.04"]

1. d4 Nf6 2. c4 e6 3. Nc3 Bb4 4. Qc2 Nc6 5. Nf3 d6 6. g3 O-O 7. Bg2 e5 8. d5 Nd4 9. Nxd4 exd4 10. a3 Ba5 11. b4 Bb6 12. Na4 d3 13. Qxd3 Bxf2+ 14. Kxf2 Ng4+ 15. Ke1 Qf6 16. Kd2 Qf2 17. Qf3 Qd4+ 18. Kc2 Qxa1 19. Nc3 Ne5 20. Qf4 Bd7 21. Bb2 Ba4+ 22. Nxa4 Qa2 23. Kc3 a6 24. Ra1 Qxc4+ 25. Qxc4 Nxc4 26. Kxc4 b5+ 27. Kb3 bxa4+ 28. Kxa4 Rfe8 29. Bf3 f5 30. Rc1 Re7 31. Rc6 1-0

[Event "Calviá ol (Men)"]
[Site "Mallorca"]
[Date "2004.10.29"]
[Round "14.27"]
[White "Baburin, Alexander"]
[Black "Winants, Luc"]
[Result "0-1"]
[WhiteElo "2527"]
[BlackElo "2519"]
[PlyCount "124"]
[EventDate "2004.10.15"]
[Source "Roberto Alvarez"]
[SourceDate "2004.10.25"]

1. d4 Nf6 2. c4 e6 3. Nc3 Bb4 4. Qc2 Nc6 5. Nf3 d6 6. a3 Bxc3+ 7. Qxc3 a5 8. b3 O-O 9. Bb2 Re8 10. g3 e5 11. dxe5 dxe5 12. Bg2 h6 13. O-O Bf5 14. b4 e4 15. Nd4 Nxd4 16. Qxd4 Qxd4 17. Bxd4 Nd7 18. c5 Ne5 19. Bc3 Nc4 20. Rfc1 axb4 21. axb4 Na3 22. Bb2 Nb5 23. e3 Rxa1 24. Rxa1 Rd8 25. h3 f6 26. g4 Bg6 27. h4 c6 28. h5 Bh7 29. Bf1 Nc7 30. Ra7 Rb8 31. Bc3 Kh8 32. Be1 Ne6 33. f4 exf3 34. Bg3 Rd8 35. Rxb7 Be4 36. Rb8 Rxb8 37. Bxb8 Bd5 38. b5 cxb5 39. Bd6 b4 40. c6 Bxc6 41. Bxb4 Ng5 42. Kf2 Ne4+ 43. Kxf3 Nd2+ 44. Kf2 Nxf1 45. Kxf1 Bf3 46. Kf2 Bxg4 47. Kg3 Bxh5 48. Kf4 Be8 49. Be7 Bd7 50. Kg3 Kg8 51. Bc5 Kf7 52. Bd6 g5 53. Bc7 Ke7 54. Kf3 h5 55. Kg3 Bc6 56. Kh3 Bf3 57. Kg3 Bd1 58. Kh3 h4 59. Bb6 Kf7 60. Bd8 Kg6 61. Be7 Be2 62. Kg2 g4 0-1

[Event "Kusadasi TUR"]
[Site "?"]
[Date "2006.04.12"]
[Round "8"]
[White "Malakhatko Vadim"]
[Black "Heberla Bartolomiej"]
[Result "1-0"]
[WhiteElo "2556"]
[BlackElo "2487"]
[PlyCount "77"]
[EventDate "2006.??.??"]
[Source "www.chesslib.no"]
[SourceDate "2004.05.04"]

1. d4 Nf6 2. c4 e6 3. Nc3 Bb4 4. Qc2 Nc6 5. Nf3 d6 6. Bd2 O-O 7. a3 Bxc3 8. Bxc3 Re8 9. e3 e5 10. d5 Ne7 11. e4 Nh5 12. g3 f5 13. Nd2 fxe4 14. Nxe4 Bf5 15. Bg2 Qd7 16. Qe2 Bg6 17. O-O Bxe4 18. Bxe4 Nf6 19. Bg2 Ng6 20. b4 Qf5 21. f3 c6 22. dxc6 bxc6 23. Bb2 Kh8 24. Rfd1 d5 25. cxd5 cxd5 26. Rac1 Rac8 27. Qd2 h6 28. Rxc8 Rxc8 29. Rc1 Rxc1+ 30. Bxc1 d4 31. f4 exf4 32. Qxd4 f3 33. Bf1 Ng4 34. h3 N4e5 35. Kf2 Qc2+ 36. Qd2 Qb3 37. Bb2 Nc4 38. Bxc4 Qxc4 39. Qxh6+ 1-0

[Event "ch-Africa Men"]
[Site "Windhoek NAM"]
[Date "2007.09.04"]
[Round "4"]
[White "El Gindy, E."]
[Black "Amin, B."]
[Result "1/2-1/2"]
[WhiteElo "2507"]
[BlackElo "2535"]
[PlyCount "36"]
[EventDate "2007.09.01"]
[Source "www.chesslib.no"]
[SourceDate "2004.05.04"]

1. d4 Nf6 2. c4 e6 3. Nc3 Bb4 4. Qc2 Nc6 5. Nf3 d6 6. Bd2 Qe7 7. a3 Bxc3 8. Bxc3 e5 9. dxe5 Nxe5 10. e3 O-O 11. Be2 Bg4 12. Nxe5 Bxe2 13. Qxe2 dxe5 14. O-O Ne4 15. Qc2 Nxc3 16. Qxc3 Rfd8 17. Rfd1 Rxd1+ 18. Rxd1 Rf8 1/2-1/2

[Event "otb"]
[Site "otb"]
[Date "2007.05.08"]
[Round "7"]
[White "Kharitonov Alexandr"]
[Black "Andreikin Dmitry"]
[Result "1/2-1/2"]
[WhiteElo "2507"]
[BlackElo "2532"]
[PlyCount "39"]
[Source "www.chesslib.no"]
[SourceDate "2004.05.04"]

1. d4 Nf6 2. c4 e6 3. Nc3 Bb4 4. Qc2 Nc6 5. Nf3 d6 6. Bd2 e5 7. d5 Bxc3 8. Bxc3 Ne7 9. e4 O-O 10. g3 Ne8 11. Bg2 f5 12. exf5 Bxf5 13. Qd2 Be4 14. Qe2 Nf6 15. O-O Ng6 16. Rae1 Qc8 17. Ng5 Bxg2 18. Kxg2 c6 19. dxc6 Qxc6+ 20. f3 1/2-1/2

[Event "Budapest FS03 GM"]
[Site "Budapest"]
[Date "1994.??.??"]
[Round "10"]
[White "Dao Thien Hai"]
[Black "Loginov, Valery A"]
[Result "1/2-1/2"]
[WhiteElo "2495"]
[BlackElo "2540"]
[PlyCount "105"]
[EventDate "1994.03.??"]
[Source "ChessBase"]

1. d4 Nf6 2. c4 e6 3. Nc3 Bb4 4. Qc2 Nc6 5. Nf3 d6 6. Bd2 Qe7 7. a3 Bxc3 8. Bxc3 a5 9. e3 a4 10. Be2 e5 11. h3 O-O 12. O-O Re8 13. Rfe1 h6 14. Rad1 b6 15. c5 bxc5 16. dxc5 Ba6 17. Bxa6 Rxa6 18. Qd3 Nb8 19. e4 Nfd7 20. cxd6 cxd6 21. Bb4 Nc5 22. Bxc5 dxc5 23. Qb5 Ra7 24. Rd5 Nd7 25. Red1 Rb8 26. Qd3 Rb3 27. Qd2 Nf6 28. Rxe5 Qc7 29. Qd8+ Kh7 30. Qxc7 Rxc7 31. Rd2 c4 32. Ra5 Nxe4 33. Re2 c3 34. bxc3 Nxc3 35. Re8 Rxa3 36. Raa8 g6 37. Ne5 h5 38. Kh2 Ra2 39. f4 Nd5 40. Rh8+ Kg7 41. Rhg8+ Kf6 42. Ra6+ Kf5 43. Ra5 Rcc2 44. Rxd5 Rxg2+ 45. Kh1 Rh2+ 46. Kg1 Rag2+ 47. Kf1 Rf2+ 48. Kg1 Ke4 49. Rgd8 Rhg2+ 50. Kh1 Rh2+ 51. Kg1 a3 52. Rd4+ Kf5 53. Nxf7 1/2-1/2

[Event "Manhattan CC-ch"]
[Site "New York"]
[Date "1999.09.26"]
[Round "5"]
[White "Mohamed, Esam Ahmed Nagib"]
[Black "Benjamin, Joel"]
[Result "0-1"]
[WhiteElo "2455"]
[BlackElo "2579"]
[PlyCount "114"]
[EventDate "1999.09.24"]
[Source "www.chesslib.no"]
[SourceDate "2004.05.04"]

1. d4 Nf6 2. c4 e6 3. Nc3 Bb4 4. Qc2 Nc6 5. Nf3 d6 6. Bd2 O-O 7. a3 Bxc3 8. Bxc3 Qe7 9. b4 e5 10. dxe5 Nxe5 11. e3 Ng6 12. Bd3 Bg4 13. h3 Bd7 14. O-O Rfe8 15. Bb2 c5 16. b5 Rad8 17. Rfd1 Bc8 18. Bf5 Ne4 19. Bxc8 Rxc8 20. Rd5 Qe6 21. Rad1 f5 22. Ba1 Rc7 23. Qb2 Rf7 24. Qc2 h6 25. Nd2 Nxf2 26. Re1 Ne4 27. Nxe4 Qxe4 28. Qxe4 Rxe4 29. Rxd6 Kh7 30. Rc1 Rxe3 31. Bc3 Re4 32. Ba1 Rfe7 33. Kf1 Nf4 34. Rcd1 Rxc4 35. R6d2 b6 36. Bb2 Rce4 37. Rd7 Re1+ 38. Rxe1 Rxd7 39. Bc3 Rd3 40. Be5 Ng6 41. Bb2 Rb3 42. Bc1 Rxb5 43. Kf2 Rb1 44. Ke2 Ra1 45. Kd3 Ra2 46. Kc4 Rxg2 47. Kb5 Ra2 48. Re3 f4 49. Rc3 Ra1 50. Ka6 Ne7 51. Bb2 Ra2 52. Bc1 Nd5 53. Rf3 Kg6 54. Kxa7 Kf5 55. Kb7 Ke4 56. Rf1 f3 57. Kc6 f2 0-1

[Event "Intl"]
[Site "?"]
[Date "2004.12.28"]
[Round "7"]
[White "Belov Vladimir"]
[Black "Pavlovic Milos"]
[Result "1/2-1/2"]
[WhiteElo "2552"]
[BlackElo "2481"]
[PlyCount "47"]
[EventDate "2004.??.??"]
[Source "www.chesslib.no"]
[SourceDate "2004.05.04"]

1. d4 Nf6 2. c4 e6 3. Nc3 Bb4 4. Qc2 Nc6 5. Nf3 d6 6. Bd2 e5 7. a3 Bxc3 8. Bxc3 Qe7 9. dxe5 dxe5 10. e3 a5 11. Be2 O-O 12. O-O Bg4 13. h3 Bd7 14. b3 Rfe8 15. Nd2 Qe6 16. Qb2 e4 17. b4 Ne5 18. Qc2 Qf5 19. Rfd1 Qg6 20. Kh1 Nd3 21. Rf1 axb4 22. axb4 Rxa1 23. Bxa1 Nxb4 24. Qb1 1/2-1/2

[Event "Belgrade"]
[Site "Belgrade"]
[Date "1994.??.??"]
[Round "2"]
[White "Drasko, Milan"]
[Black "Damljanovic, Branko"]
[Result "1/2-1/2"]
[WhiteElo "2520"]
[BlackElo "2505"]
[PlyCount "66"]
[EventDate "1994.??.??"]
[Source "ChessBase"]

1. d4 Nf6 2. c4 e6 3. Nc3 Bb4 4. Qc2 Nc6 5. Nf3 d6 6. Bg5 h6 7. Bd2 a5 8. a3 Bxc3 9. Bxc3 Qe7 10. g3 O-O 11. Bg2 e5 12. d5 Nb8 13. e4 c6 14. O-O cxd5 15. cxd5 Bd7 16. Nd2 Rc8 17. b4 Bb5 18. Rfc1 axb4 19. axb4 Rxa1 20. Rxa1 Qc7 21. Rc1 Na6 22. Qb1 Qd7 23. Nb3 h5 24. Be1 Rxc1 25. Qxc1 Nc7 26. h4 Ba6 27. f3 Nfe8 28. Nd2 Nb5 29. Bf2 g6 30. Kh2 Nd4 31. Qb2 Nb5 32. Qc1 Nd4 33. Qb2 Nb5 1/2-1/2